[Event "SRB Central-ch op-B 6th"]
[Site "Paracin"]
[Date "2013.07.11"]
[Round "8"]
[White "Vasilev, Martin"]
[Black "Boskovic, Maksimilijan"]
[Result "0-1"]
[WhiteElo "1741"]
[BlackElo "1927"]
[PlyCount "96"]
[EventDate "2013.07.05"]
[EventType "swiss"]
[EventRounds "9"]
[EventCountry "SRB"]
[SourceTitle "CBM 155 Extra"]
[Source "ChessBase"]
[SourceDate "2013.08.26"]
[SourceVersion "1"]
[SourceVersionDate "2013.08.26"]
[SourceQuality "1"]

1. e4 e5 2. Nf3 Nc6 3. Bb5 Nd4 4. Nxd4 exd4 5. 0-0 Bc5 6. d3 c6 7. Bc4 d5 8. exd5 cxd5 9. Bb3 Ne7 10. Ba4+ Kf8 11. Re1 h5 12. c4 dxc4 13. dxc4 Bg4 14. f3 Bf5 15. Nd2 d3+ 16. Kh1 h4 17. Ne4 h3 18. g3 Bxe4 19. Rxe4 f5 20. Re1 Qd4 21. Be3 Qxb2 22. Qd2 Qxd2 23. Bxd2 Kf7 24. Rab1 b6 25. Be3 Rac8 26. Bxc5 Rxc5 27. Rbd1 Rd8 28. Kg1 Nc6 29. f4 Na5 30. Bc2 d2 31. Re2 Nxc4 32. Bb3 Kf6 33. Bxc4 Rxc4 34. Rexd2 Rxd2 35. Rxd2 Rc1+ 36. Kf2 Rh1 37. Kf3 Rf1+ 38. Ke3 Rg1 39. Kf3 Rg2 40. Rxg2 hxg2 41. Kxg2 Ke6 42. Kf3 Kd5 43. a3 a5 44. g4 b5 45. g5 a4 46. h4 b4 47. h5 Ke6 48. Ke3 b3 0-1

[Event "SRB Central-ch op-B 6th"]
[Site "Paracin"]
[Date "2013.07.09"]
[Round "6"]
[White "Ristic, Dejan D"]
[Black "Boskovic, Maksimilijan"]
[Result "0-1"]
[WhiteElo "1823"]
[BlackElo "1927"]
[PlyCount "114"]
[EventDate "2013.07.05"]
[EventType "swiss"]
[EventRounds "9"]
[EventCountry "SRB"]
[SourceTitle "CBM 155 Extra"]
[Source "ChessBase"]
[SourceDate "2013.08.26"]
[SourceVersion "1"]
[SourceVersionDate "2013.08.26"]
[SourceQuality "1"]

1. d4 Nf6 2. Nf3 e6 3. e3 c5 4. c3 b6 5. Bd3 Bb7 6. 0-0 Be7 7. Ne5 0-0 8. Nd2 d6 9. Ng4 d5 10. Ne5 Nbd7 11. f4 Ne4 12. Rf3 f5 13. Rh3 Nxe5 14. Bxe4 dxe4 15. fxe5 Qe8 16. Nf1 g5 17. g4 f4 18. Qe2 cxd4 19. cxd4 Rc8 20. Bd2 Rc2 21. Rh6 Kg7 22. Rh5 Qc8 23. Qg2 f3 24. Qh3 Rh8 25. Rh6 Rxb2 26. Rc1 Qd7 27. a3 a5 28. Qh5 Bd8 29. h4 Qf7 30. hxg5 Qxh5 31. gxh5 Bd5 32. Rf6 Re8 33. h6+ Kg8 34. Rf4 Bb7 35. Rg4 Kf7 36. Be1 Kg6 37. Bf2 Kh5 38. Rg3 b5 39. g6 Kxh6 40. gxh7 Kxh7 41. Nh2 Rg8 42. Ng4 b4 43. axb4 axb4 44. Ra1 Bh4 45. Nf6+ Bxf6 46. Rxg8 Kxg8 47. exf6 b3 48. Ra7 Bd5 49. f7+ Kg7 50. Bh4 Rg2+ 51. Kh1 b2 52. Bf6+ Kg6 53. f8N+ Kxf6 54. Nh7+ Kg6 55. Nf8+ Kh5 56. Rh7+ Kg4 57. Rg7+ Kh4 0-1

[Event "Zuerich op-B 36th"]
[Site "Zuerich"]
[Date "2012.12.29"]
[Round "6"]
[White "Boskovic, Maksimilijan"]
[Black "Marty, Fridolin"]
[Result "1-0"]
[WhiteElo "1897"]
[BlackElo "2021"]
[PlyCount "91"]
[EventDate "2012.12.26"]
[EventType "swiss"]
[EventRounds "7"]
[EventCountry "SUI"]
[SourceTitle "EXT 2019"]
[Source "ChessBase"]
[SourceDate "2018.10.10"]
[SourceVersion "1"]
[SourceVersionDate "2018.10.10"]
[SourceQuality "1"]

1. e4 e5 2. Nf3 Nc6 3. Bb5 a6 4. Bxc6 dxc6 5. d4 exd4 6. Qxd4 Qxd4 7. Nxd4 Bc5 8. Nb3 Bb6 9. c4 Be6 10. c5 Bxb3 11. cxb6 Bc2 12. Nc3 0-0-0 13. bxc7 Re8 14. f3 Bd3 15. Bf4 f5 16. Na4 b5 17. Nb6+ Kb7 18. c8Q+ Rxc8 19. Nxc8 Kxc8 20. Rc1 Ne7 21. Bg5 Re8 22. Bxe7 Rxe7 23. Rxc6+ Kb7 24. Rd6 fxe4 25. Kd2 Bc4 26. fxe4 Rxe4 27. b3 Re2+ 28. Kc3 Be6 29. Rd2 b4+ 30. Kd3 Re5 31. Kc2 g5 32. Rf1 Kc6 33. Rf8 Bf5+ 34. Kb2 Bg6 35. Rf6+ Kb5 36. Rfd6 Kc5 37. Rxa6 Re1 38. a3 bxa3+ 39. Rxa3 Rb1+ 40. Ka2 Rg1 41. Ra5+ Kb4 42. Rxg5 Kc3 43. Rf2 Bb1+ 44. Ka3 Bd3 45. Rc5+ Kd4 46. Kb4 1-0

[Event "SRB Kadetski festival U16 6th"]
[Site "Vrnjacka Banja"]
[Date "2012.04.14"]
[Round "7"]
[White "Zajic, Milun"]
[Black "Boskovic, Maksimilijan"]
[Result "1-0"]
[WhiteElo "1832"]
[BlackElo "1875"]
[PlyCount "51"]
[EventDate "2012.04.10"]
[EventType "swiss"]
[EventRounds "9"]
[EventCountry "SRB"]
[SourceTitle "CBM 148 Extra"]
[Source "ChessBase"]
[SourceDate "2012.06.22"]
[SourceVersion "1"]
[SourceVersionDate "2012.06.22"]
[SourceQuality "1"]

1. c4 e5 2. Nc3 Nc6 3. g3 f5 4. d3 Nf6 5. Bg2 Bc5 6. e3 f4 7. exf4 0-0 8. Nge2 d6 9. 0-0 Bg4 10. Be3 exf4 11. Bxf4 Nh5 12. Be3 Ne5 13. d4 Nf3+ 14. Kh1 Bb6 15. h3 Bd7 16. c5 Ba5 17. Ng1 Nxg1 18. Qxh5 dxc5 19. Kxg1 Rf5 20. Qe2 cxd4 21. Bxd4 Bxc3 22. Bxc3 Qf8 23. Qc4+ Kh8 24. Qxc7 Bb5 25. Qxb7 Rb8 26. Bxg7+ 1-0

[Event "Belgrade-ch"]
[Site "Belgrade"]
[Date "2010.01.29"]
[Round "7"]
[White "Boskovic, Maksimilijan"]
[Black "Ivanovic, Aleksandar"]
[Result "1-0"]
[WhiteElo "1904"]
[BlackElo "1601"]
[PlyCount "45"]
[EventDate "2010.01.23"]
[EventType "swiss"]
[EventRounds "9"]
[EventCountry "YUG"]
[SourceTitle "CBM 134 Extra"]
[Source "ChessBase"]
[SourceDate "2010.03.03"]
[SourceVersion "1"]
[SourceVersionDate "2010.03.03"]
[SourceQuality "1"]

1. e4 e6 2. d4 d5 3. Nc3 Bb4 4. e5 c5 5. a3 cxd4 6. axb4 dxc3 7. bxc3 Qc7 8. Nf3 Qxc3+ 9. Bd2 Qc7 10. Bd3 Ne7 11. 0-0 Nd7 12. Re1 0-0 13. Bxh7+ Kxh7 14. Ng5+ Kg6 15. Qg4 Qc4 16. Re4 f5 17. Qh4 Nxe5 18. Rxc4 Nxc4 19. Bc3 Bd7 20. Qh7+ Kxg5 21. f4+ Kxf4 22. Qh4+ Ke3 23. Re1# 1-0

[Event "SRB Central-ch"]
[Site "Vrnjacka Banja"]
[Date "2008.11.14"]
[Round "9"]
[White "Jevtic, Miroljub L"]
[Black "Boskovic, Maksimilijan"]
[Result "1-0"]
[WhiteElo "2167"]
[BlackElo "1903"]
[PlyCount "57"]
[EventDate "2008.11.08"]
[EventType "swiss"]
[EventRounds "9"]
[EventCountry "YUG"]
[SourceTitle "EXT 2010"]
[Source "ChessBase"]
[SourceDate "2010.11.25"]
[SourceVersion "1"]
[SourceVersionDate "2010.11.25"]
[SourceQuality "1"]

1. d4 Nf6 2. c4 g6 3. Nc3 Bg7 4. e4 d6 5. h3 0-0 6. f4 c5 7. d5 e6 8. Bd3 exd5 9. cxd5 Nh5 10. Be3 Ng3 11. Rh2 f5 12. e5 dxe5 13. Nge2 Re8 14. Kf2 Qh4 15. Kg1 Bh6 16. Bxc5 Nd7 17. Bf2 exf4 18. Qb3 Bg7 19. Nd4 b6 20. Ne6 Be5 21. Re1 f3 22. d6 Kh8 23. Qd5 Ne2+ 24. Rxe2 Bxh2+ 25. Kxh2 Nf6 26. Qxa8 Qh6 27. Qxf3 Bxe6 28. Bd4 g5 29. Bxf5 1-0

[Event "Senta op-B 12th"]
[Site "Senta"]
[Date "2008.07.19"]
[Round "2"]
[White "Boskovic, Maksimilijan"]
[Black "Milanovic, Nevenko"]
[Result "1-0"]
[WhiteElo "1864"]
[BlackElo "2004"]
[PlyCount "29"]
[EventDate "2008.07.18"]
[EventType "swiss"]
[EventRounds "9"]
[EventCountry "YUG"]
[SourceTitle "CBM 125 Extra"]
[Source "ChessBase"]
[SourceDate "2008.09.01"]
[SourceVersion "1"]
[SourceVersionDate "2008.09.01"]
[SourceQuality "1"]

1. e4 c5 2. Nf3 Nc6 3. d4 cxd4 4. Nxd4 a6 5. Nc3 e6 6. Bc4 Bc5 7. Be3 Qb6 8. Na4 Qb4+ 9. c3 Qxc4 10. b3 Qxd4 11. cxd4 Ba7 12. d5 b5 13. dxc6 bxa4 14. Bxa7 Rxa7 15. Qd4 1-0

[Event "Senta op-B 12th"]
[Site "Senta"]
[Date "2008.07.19"]
[Round "3"]
[White "Sakic, Simeon"]
[Black "Boskovic, Maksimilijan"]
[Result "1-0"]
[WhiteElo "1989"]
[BlackElo "1864"]
[PlyCount "93"]
[EventDate "2008.07.18"]
[EventType "swiss"]
[EventRounds "9"]
[EventCountry "YUG"]
[SourceTitle "CBM 125 Extra"]
[Source "ChessBase"]
[SourceDate "2008.09.01"]
[SourceVersion "1"]
[SourceVersionDate "2008.09.01"]
[SourceQuality "1"]

1. e4 c5 2. Nf3 e6 3. d4 cxd4 4. Nxd4 Nf6 5. Nc3 Bb4 6. Bd3 Nc6 7. Nxc6 bxc6 8. 0-0 d5 9. exd5 cxd5 10. Bg5 Bd7 11. Qf3 Bxc3 12. bxc3 Rc8 13. Rfe1 0-0 14. Qg3 Re8 15. Re3 e5 16. Rf3 Rc6 17. Bb5 Ne4 18. Bxd8 Nxg3 19. Rxg3 Rxd8 20. Bxc6 Bxc6 21. Rb1 Ba4 22. Rb2 a6 23. Kf1 Kf8 24. Ke1 g6 25. Kd2 Ke7 26. Rb7+ Rd7 27. Rxd7+ Bxd7 28. Re3 Kd6 29. Re1 f5 30. Rb1 Kc7 31. g3 g5 32. f4 exf4 33. gxf4 g4 34. Ke3 Ba4 35. Rb2 Bb5 36. Kd4 Kd6 37. a4 Bxa4 38. Rb6+ Ke7 39. Rxa6 Bxc2 40. Kxd5 Kf7 41. Ke5 Kg7 42. Ra7+ Kg6 43. c4 h5 44. c5 Be4 45. Ra6+ Kg7 46. c6 h4 47. Ra7+ 1-0

[Event "SRB Central-ch"]
[Site "Vrnjacka Banja"]
[Date "2007.12.12"]
[Round "4"]
[White "Simic, Vladica"]
[Black "Boskovic, Maksimilijan"]
[Result "1/2-1/2"]
[WhiteElo "2082"]
[BlackElo "1850"]
[PlyCount "94"]
[EventDate "2007.12.10"]
[EventType "swiss"]
[EventRounds "9"]
[EventCountry "YUG"]
[SourceTitle "CBM 121 Extra"]
[Source "ChessBase"]
[SourceDate "2008.01.10"]
[SourceVersion "1"]
[SourceVersionDate "2008.01.10"]
[SourceQuality "1"]

1. b4 c6 2. Bb2 Qb6 3. Na3 d5 4. Rb1 Nf6 5. b5 Qa5 6. e3 e6 7. Qc1 Be7 8. Nf3 0-0 9. Be2 Nbd7 10. Nd4 c5 11. Nb3 Qc7 12. c4 b6 13. 0-0 Bb7 14. d3 Bd6 15. h3 Rac8 16. Nd2 h6 17. Nc2 Rfd8 18. Ne1 Nh7 19. Nef3 Nhf8 20. Qc3 Nf6 21. a4 Ng6 22. a5 e5 23. Qc2 d4 24. e4 Nf4 25. Rfe1 Qd7 26. a6 Ba8 27. Bf1 Rf8 28. Kh2 Nh7 29. Nh4 Ng5 30. Qd1 g6 31. g4 Kh7 32. Bc1 Rce8 33. Nb3 Nge6 34. Bxf4 Nxf4 35. Nc1 Qe7 36. Ng2 f6 37. Nxf4 exf4 38. f3 g5 39. Nb3 Bc7 40. Bg2 Kg7 41. Rh1 Rh8 42. Kg1 Rh7 43. h4 Reh8 44. h5 Rb8 45. Kf2 Rhh8 46. Ra1 Rhc8 47. Bh3 Qd6 1/2-1/2

[Event "Belgrade Trophy 20th"]
[Site "Belgrade"]
[Date "2007.11.25"]
[Round "4"]
[White "Ljubisa, Mitar"]
[Black "Boskovic, Maksimilijan"]
[Result "0-1"]
[WhiteElo "2072"]
[BlackElo "1850"]
[PlyCount "62"]
[EventDate "2007.11.22"]
[EventType "swiss"]
[EventRounds "9"]
[EventCountry "YUG"]
[SourceTitle "CBM 121 Extra"]
[Source "ChessBase"]
[SourceDate "2008.01.10"]
[SourceVersion "1"]
[SourceVersionDate "2008.01.10"]
[SourceQuality "1"]

1. d4 Nf6 2. c4 e5 3. dxe5 Ng4 4. Nf3 Bc5 5. e3 Nc6 6. Be2 Ngxe5 7. Nxe5 Nxe5 8. 0-0 0-0 9. Nc3 a5 10. Ne4 Ba7 11. Bd2 Qh4 12. f4 Ng6 13. Nf2 d6 14. Bf3 c6 15. Qc2 f5 16. g3 Qe7 17. Kg2 Qf7 18. b3 Bb6 19. Rad1 Be6 20. Bc1 Rad8 21. e4 Rfe8 22. Ba3 d5 23. cxd5 cxd5 24. e5 Ra8 25. Qd2 Red8 26. Bd6 Ne7 27. b4 axb4 28. Qxb4 Bxf2 29. Rxf2 Nc6 30. Qb6 Ra7 31. Rb2 Rda8 0-1